| 000 | 00614nam a2200229Ia 4500 | ||
|---|---|---|---|
| 003 | OSt | ||
| 005 | 20220927104643.0 | ||
| 006 | a|||||r|||| 00| 0 | ||
| 007 | ta | ||
| 008 | 220926b |||||||| |||| 00| 0 eng d | ||
| 024 | _a154113 | ||
| 037 | _cReference Collections | ||
| 040 |
_aRTL _cRTL _beng |
||
| 041 |
_2eng _aeng |
||
| 082 | _a"X:8Cg, L8/RR" | ||
| 100 |
_aGoodman S.R _9366656 |
||
| 245 | 0 | _aConterollers Hand Book. | |
| 260 |
_aIrawin _bJllinoin Dow Jones _c1978 |
||
| 300 |
_a1253p. _ccm. |
||
| 942 |
_h"X:8Cg, L8/RR" _cCC |
||
| 999 |
_c688208 _d688208 |
||